[Event "4NCL Online Division 5"]
[Site "online"]
[Date "2022.03.08"]
[EventDate "2022.03.08"]
[Round "4.13"]
[White "Vernon, Colin G"]
[WhiteElo "1707"]
[WhiteTeam "Worcester Wolfpack"]
[Black "Newman, Martin E"]
[BlackElo "1613"]
[BlackTeam "Beckenham"]
[Result "0-1"]
[PlyCount "96"]

1. e4 e5 2. Nf3 f5 3. d3 Nc6 4. Nc3 f4 5. d4 d6 6. Bc4 Bg4 7. d5 Nd4 8. Be2 Nxe2 9. Qxe2 a6 10. a4 Nf6 11. Na2 Qd7 12. b3 Be7 13. c4 O-O 14. O-O Qe8 15. Nc3 Qg6 16. Re1 Nh5 17. Kh1 Qh6 18. h3 g5 19. Kg1 Bd7 20. Bb2 g4 21. hxg4 Bxg4 22. Qd3 Rf7 23. Nh2 Bd7 24. b4 Raf8 25. b5 Qg6 26. Qf3 Rg7 27. Kh1 Ng3+ 28. Kg1 h5 29. fxg3 fxg3 30. Nf1 Rxf3 31. gxf3 h4 32. Ne2 g2 33. Nh2 Qg5 34. Bc1 Qg6 35. Be3 Bg5 36. Bf2 Qh6 37. Ra3 h3 38. Rea1 Bd2 39. Rd3 Bb4 40. Ng3 Bc5 41. Bxc5 dxc5 42. Ne2 Be8 43. Ra2 Qh4 44. Rd1 Bh5 45. Ra3 Rf7 46. Rb3 Bxf3 47. Rxf3 Rxf3 48. Nxf3 Qxe4 0-1

[Event "4NCL Online Division 5"]
[Site "online"]
[Date "2022.03.08"]
[EventDate "2022.03.08"]
[Round "4.14"]
[White "Farahmandpour, Ehsan"]
[WhiteElo "1514"]
[WhiteTeam "Beckenham"]
[Black "Hayles, Robin"]
[BlackElo "1688"]
[BlackTeam "Worcester Wolfpack"]
[Result "1-0"]
[PlyCount "79"]

1. d4 Nf6 2. Bf4 e6 3. e3 a6 4. Nd2 d5 5. c3 c5 6. h3 cxd4 7. exd4 b5 8. a3 Nc6 9. Nb3 Bd7 10. Nf3 Rc8 11. Bd3 Be7 12. O-O Qb6 13. Re1 Na5 14. Nxa5 Qxa5 15. Ne5 O-O 16. Nxd7 Nxd7 17. Qh5 g6 18. Qh6 Bf6 19. Bd6 Bg7 20. Qg5 h6 21. Qg3 Qd8 22. Bxf8 Nxf8 23. a4 b4 24. Bxa6 Rb8 25. Bb5 bxc3 26. Qxc3 Qb6 27. Red1 Qa7 28. Rac1 g5 29. Qc5 Qxc5 30. Rxc5 Ng6 31. g3 Ne7 32. g4 Ng6 33. Rdc1 Bxd4 34. Rc8+ Rxc8 35. Rxc8+ Kg7 36. a5 Bxb2 37. a6 Bd4 38. Rc7 Nf4 39. Bf1 e5 40. a7 1-0

[Event "4NCL Online Division 5"]
[Site "online"]
[Date "2022.03.08"]
[EventDate "2022.03.08"]
[Round "4.21"]
[White "Vijayakumar, Rishi"]
[WhiteElo "1497"]
[WhiteTeam "Dundee City E"]
[Black "Hayes, Callum"]
[BlackElo "1600"]
[BlackTeam "Bromley"]
[Result "1-0"]
[PlyCount "87"]

1. d4 Nf6 2. c4 e6 3. Nf3 b6 4. Bg5 Be7 5. Nc3 Bb7 6. e3 h6 7. Bf4 d6 8. Bd3 Nbd7 9. O-O a6 10. e4 c5 11. e5 dxe5 12. dxe5 Ng4 13. h3 Bxf3 14. Qxf3 Ngxe5 15. Qe3 Nxd3 16. Qxd3 Nf6 17. Qf3 O-O 18. Rad1 Qc8 19. Na4 Bd8 20. Qb3 Qc6 21. Rd6 Qe4 22. Bh2 Bc7 23. f3 Qb7 24. Rd3 Bxh2+ 25. Kxh2 Rfd8 26. Rfd1 Rxd3 27. Qxd3 b5 28. Nxc5 Qc7+ 29. Qd6 Qxd6+ 30. Rxd6 bxc4 31. Nxa6 Kf8 32. Nb4 Rc8 33. Kg3 Ke7 34. Rc6 Rxc6 35. Nxc6+ Kd6 36. Nd8 Ke7 37. Nb7 Nd7 38. a4 Nb6 39. a5 Nc8 40. a6 Kd7 41. Na5 f6 42. Nxc4 Kc6 43. b4 Nb6 44. Nxb6 1-0

[Event "4NCL Online Division 5"]
[Site "online"]
[Date "2022.03.08"]
[EventDate "2022.03.08"]
[Round "4.22"]
[White "Harrison, Jack"]
[WhiteElo "1600"]
[WhiteTeam "Bromley"]
[Black "Jackson, Robert"]
[BlackElo "1575"]
[BlackTeam "Dundee City E"]
[Result "0-1"]
[PlyCount "98"]

1. d4 b6 2. c4 e6 3. e4 Bb7 4. Nc3 Bb4 5. Bd3 f5 6. exf5 Bxg2 7. Qg4 Bxh1 8. Qxg7 Qf6 9. Bh6 Bf8 10. Qxf6 Nxf6 11. Be3 Bb4 12. Ne2 Be4 13. Bxe4 Nxe4 14. fxe6 dxe6 15. f3 Nxc3 16. Nxc3 Nd7 17. Kd2 O-O-O 18. Rf1 Ne5 19. Kc2 Nxc4 20. Bf4 Bxc3 21. bxc3 Nd6 22. Kd3 Rhg8 23. a4 Rdf8 24. Bg3 Rf5 25. f4 Ra5 26. Ra1 Nf5 27. Bf2 Rg2 28. Bg1 Kd7 29. Ke4 h5 30. c4 Rb2 31. c5 Rb4 32. cxb6 axb6 33. Bf2 Raxa4 34. Rd1 c5 35. Ke5 Nxd4 36. Bh4 Ra8 37. Bg5 Kc6 38. Kf6 Kd5 39. h4 Rba4 40. Kg6 c4 41. Kxh5 c3 42. Kg6 c2 43. Rf1 Ra1 44. Rxa1 Rxa1 45. Bf6 c1=Q 46. h5 Qxf4 47. Bg5 Qf5+ 48. Kh6 Ra7 49. Bd8 Rh7# 0-1

[Event "4NCL Online Division 5"]
[Site "online"]
[Date "2022.03.08"]
[EventDate "2022.03.08"]
[Round "4.23"]
[White "McEvoy Gould, Kit"]
[WhiteElo "1561"]
[WhiteTeam "Dundee City E"]
[Black "McAuliffe, Dylan"]
[BlackElo "1510"]
[BlackTeam "Bromley"]
[Result "0-1"]
[PlyCount "100"]

1. e4 c5 2. Nf3 d6 3. d4 cxd4 4. Nxd4 Nf6 5. Nc3 a6 6. Be3 e5 7. Nb3 Be7 8. Qd2 Be6 9. O-O-O O-O 10. f3 b5 11. g4 b4 12. Ne2 a5 13. g5 Nh5 14. Kb1 a4 15. Nbc1 b3 16. Ng3 Nf4 17. Bxf4 exf4 18. Qxf4 bxc2+ 19. Kxc2 Qc8+ 20. Kb1 Bxg5 21. Qxg5 h6 22. Qd2 Nc6 23. Rg1 Kh7 24. e5 dxe5 25. Bd3+ f5 26. Nh5 Rg8 27. Rg4 e4 28. Rh4 Qd8 29. Qf4 exd3 30. Rxd3 Qe7 31. Qg3 g5 32. Qd6 gxh4 33. Qxc6 Rac8 34. Qb6 Qg5 35. Ne2 Qxh5 36. Qxe6 Qg6 37. Rd7+ Kh8 38. Qe5+ Rg7 39. a3 f4+ 40. Ka2 Qg5 41. Qd4 Kg8 42. Nxf4 Rxd7 43. Qxd7 Rd8 44. Qxa4 Qf6 45. Qc4+ Qf7 46. Qxf7+ Kxf7 47. a4 Rd4 48. b3 Rxf4 49. a5 Rxf3 50. a6 Rf6 0-1

[Event "4NCL Online Division 5"]
[Site "online"]
[Date "2022.03.08"]
[EventDate "2022.03.08"]
[Round "4.24"]
[White "Glanvile, Nicholas"]
[WhiteElo "1525"]
[WhiteTeam "Bromley"]
[Black "Banerjee, Subhayu"]
[BlackElo "1519"]
[BlackTeam "Dundee City E"]
[Result "1-0"]
[PlyCount "81"]

1. d4 Nf6 2. c4 e5 3. dxe5 Ng4 4. e3 d6 5. Nf3 Nc6 6. exd6 Bxd6 7. h3 Nge5 8. Nxe5 Nxe5 9. Nc3 O-O 10. Be2 a6 11. b3 b6 12. Bb2 Bb7 13. Nd5 b5 14. Bxe5 Bxe5 15. Rc1 Qg5 16. Bf3 Rad8 17. Qe2 Bc8 18. h4 Qh6 19. Ne7+ Kh8 20. Nxc8 Rxc8 21. cxb5 axb5 22. Rc6 Bd6 23. g3 Rfe8 24. O-O f5 25. Qxb5 f4 26. exf4 Rb8 27. Qh5 Qf6 28. Rc4 Qb2 29. Be4 Rxe4 30. Rxe4 g6 31. Qe2 Qa3 32. Re8+ Rxe8 33. Qxe8+ Kg7 34. Qa4 Qb2 35. Qd7+ Kh6 36. Qa4 Qc3 37. Qc4 Qb2 38. a4 Qa2 39. Rc1 Qa3 40. Qc3 Kh5 41. Ra1 1-0

[Event "4NCL Online Division 5"]
[Site "online"]
[Date "2022.03.08"]
[EventDate "2022.03.08"]
[Round "4.31"]
[White "Shrestha, Unnabh"]
[WhiteElo "1439"]
[WhiteTeam "East Kilbride Rovers"]
[Black "Shetty, Ahan"]
[BlackElo "1000"]
[BlackTeam "MHJ Knights"]
[Result "0-1"]
[PlyCount "86"]

1. e4 e5 2. Nf3 Nc6 3. Bc4 Bc5 4. O-O Nf6 5. Re1 Nxe4 6. Qe2 Bxf2+ 7. Kh1 Bxe1 8. Qxe4 Qf6 9. Qxe1 O-O 10. Nc3 d6 11. d3 Bg4 12. Bg5 Qf5 13. Qg3 Bxf3 14. gxf3 Nd4 15. Bd5 Nxc2 16. Rg1 Qg6 17. Be4 f5 18. Bd5+ Kh8 19. Qh4 c6 20. Be7 Qh6 21. Qxh6 gxh6 22. Bf6+ Rxf6 23. Bb3 Nd4 24. Bc4 Nxf3 25. Rg3 Ng5 26. h4 d5 27. Bb3 Ne6 28. Kh2 a5 29. Re3 e4 30. dxe4 fxe4 31. Kg3 Nd4 32. Bd1 Nf5+ 33. Kf2 Nxe3+ 34. Kxe3 Rf1 35. Kd4 b5 36. Kc5 b4 37. Kxc6 bxc3 38. b3 Rxd1 39. Kb5 e3 40. Ka4 e2 41. Ka3 e1=Q 42. h5 Qe7+ 43. b4 Qxb4# 0-1

[Event "4NCL Online Division 5"]
[Site "online"]
[Date "2022.03.08"]
[EventDate "2022.03.08"]
[Round "4.32"]
[White "Qiu, Calvin"]
[WhiteElo "1029"]
[WhiteTeam "MHJ Knights"]
[Black "Roul, Tushar"]
[BlackElo "472"]
[BlackTeam "East Kilbride Rovers"]
[Result "0-1"]
[PlyCount "62"]

1. e4 c6 2. d4 d5 3. e5 Bf5 4. Be3 e6 5. Nd2 Nd7 6. Ngf3 Qb6 7. Nb3 Bg4 8. h3 Bh5 9. Be2 Ne7 10. c3 Bg6 11. Nh4 a5 12. Nxg6 hxg6 13. Rb1 Qc7 14. a4 Nf5 15. Bf4 Be7 16. Bh2 Nb6 17. Nd2 Qd7 18. O-O Bg5 19. Nf3 Qe7 20. Nxg5 Qxg5 21. f4 Qe7 22. Qd3 Nxa4 23. b4 axb4 24. cxb4 b5 25. Ra1 O-O 26. Qc2 Nxd4 27. Qd2 Nb3 28. Qc2 Nxa1 29. Rxa1 Qxb4 30. Qxc6 Qd4+ 31. Kh1 Qxa1+ 0-1

[Event "4NCL Online Division 5"]
[Site "online"]
[Date "2022.03.08"]
[EventDate "2022.03.08"]
[Round "4.33"]
[White "Roul, Karan"]
[WhiteElo "455"]
[WhiteTeam "East Kilbride Rovers"]
[Black "Bedretdinov, Rasul"]
[BlackElo "935"]
[BlackTeam "MHJ Knights"]
[Result "1-0"]
[PlyCount "81"]

1. e4 e5 2. Nf3 Nc6 3. Nc3 Nf6 4. d4 exd4 5. Nxd4 Bb4 6. Nxc6 dxc6 7. Qxd8+ Kxd8 8. Bg5 Be6 9. e5 h6 10. Bxf6+ gxf6 11. exf6 Re8 12. O-O-O+ Kc8 13. Re1 Bxc3 14. bxc3 Rd8 15. Bd3 Bxa2 16. c4 b5 17. Kb2 bxc4 18. Be4 Rb8+ 19. Kxa2 Rd6 20. Rb1 Ra8 21. Rhd1 Rxf6 22. Bf3 Re6 23. Bg4 Rb8 24. Rxb8+ Kxb8 25. Bxe6 fxe6 26. Re1 Kc8 27. Rxe6 Kd7 28. Rxh6 c5 29. Ra6 c6 30. Rxa7+ Kd6 31. Ra4 Kd5 32. h4 c3 33. h5 c4 34. h6 Kc5 35. Ra5+ Kb4 36. Rh5 c5 37. h7 Kb5 38. h8=Q Kc6 39. Rh6+ Kd5 40. Rh5+ Ke4 41. Qe5# 1-0

[Event "4NCL Online Division 5"]
[Site "online"]
[Date "2022.03.08"]
[EventDate "2022.03.08"]
[Round "4.34"]
[White "Groshong, William"]
[WhiteElo "895"]
[WhiteTeam "MHJ Knights"]
[Black "Verma, Abhi"]
[BlackElo "380"]
[BlackTeam "East Kilbride Rovers"]
[Result "0-1"]
[PlyCount "70"]

1. e4 c5 2. Nf3 Nc6 3. d4 cxd4 4. Nxd4 Nf6 5. Nc3 e5 6. Nf3 Bb4 7. Bd2 d6 8. Bc4 O-O 9. O-O Bxc3 10. Bxc3 Nxe4 11. Qd3 Nxc3 12. bxc3 Re8 13. Rfe1 Be6 14. Bxe6 Rxe6 15. Rab1 b6 16. Qd5 Rc8 17. h3 Qe8 18. Ng5 Rg6 19. f4 Qd7 20. Rf1 h6 21. f5 Rxg5 22. g4 Ne7 23. Qe4 Rxc3 24. h4 Rh3 25. hxg5 hxg5 26. Kg2 Rh4 27. Rh1 d5 28. Qxe5 Rxg4+ 29. Kf3 Rf4+ 30. Kg2 Qc6 31. Qe2 d4+ 32. Kg3 Nxf5+ 33. Kh2 Rh4+ 34. Kg1 Qxh1+ 35. Kf2 Rh2# 0-1

[Event "4NCL Online Division 5"]
[Site "online"]
[Date "2022.03.08"]
[EventDate "2022.03.08"]
[Round "4.41"]
[White "Syed, Sofia"]
[WhiteElo "1323"]
[WhiteTeam "Wessex Some Stars H"]
[Black "Marchettini, Cristiano"]
[BlackElo "1502"]
[BlackTeam "Catford Candidates"]
[Result "0-1"]
[PlyCount "130"]

1. e4 e5 2. Nf3 Nc6 3. Bb5 a6 4. Ba4 Nf6 5. d3 Bc5 6. Nxe5 Nxe5 7. d4 Nxe4 8. dxc5 Nxc5 9. Qe2 Qe7 10. Bb3 Nxb3 11. axb3 Nc6 12. Qxe7+ Nxe7 13. O-O d5 14. Re1 Bd7 15. Bf4 c6 16. Bd6 Be6 17. Nc3 Nf5 18. Be5 O-O 19. Na4 Rfe8 20. Nb6 Ra7 21. h3 f6 22. Bc3 d4 23. Bb4 d3 24. cxd3 Nd4 25. Rad1 Nc2 26. Re4 f5 27. Ree1 Nxb4 28. Rd2 Kf7 29. Rde2 Nxd3 30. Rd1 Nc5 31. Rde1 Nxb3 32. Nc8 Rxc8 33. Rxe6 b5 34. Rd6 c5 35. Re3 Nd4 36. Ra3 Rc6 37. Rd8 Re7 38. Ra8 Ree6 39. Ra7+ Kf6 40. Rg3 g6 41. Rxh7 Ne2+ 42. Kh2 Nxg3 43. Kxg3 Rcd6 44. Rh4 Rd3+ 45. Kh2 Re2 46. Rf4 Rxb2 47. Rh4 c4 48. Rh8 c3 49. Ra8 c2 50. Rxa6+ Ke5 51. Rc6 Rd1 52. Rc5+ Kd6 53. Rxc2 Rxc2 54. h4 b4 55. Kh3 b3 56. Kh2 b2 57. Kh3 b1=Q 58. Kh2 Rc3 59. f3 Rh1+ 60. Kg3 Qe1+ 61. Kf4 Rxh4+ 62. Kg5 Qg3+ 63. Kf6 Rc6 64. Kf7 Rh7+ 65. Kf6 Kd5# 0-1

[Event "4NCL Online Division 5"]
[Site "online"]
[Date "2022.03.08"]
[EventDate "2022.03.08"]
[Round "4.42"]
[White "Foreman, Anthony"]
[WhiteElo "1523"]
[WhiteTeam "Catford Candidates"]
[Black "Spirling, Florence"]
[BlackElo "1109"]
[BlackTeam "Wessex Some Stars H"]
[Result "1-0"]
[PlyCount "153"]

1. Nf3 d5 2. d4 Nf6 3. Bg5 Bf5 4. Bxf6 gxf6 5. e3 Nc6 6. c4 Nb4 7. Qa4+ Nc6 8. cxd5 Qxd5 9. Nc3 Qd7 10. Bb5 e6 11. h3 a6 12. Nh4 Bg6 13. O-O Bd6 14. Rad1 O-O 15. Nxg6 fxg6 16. Be2 b5 17. Qc2 Nb4 18. Qb1 Qe7 19. Bf3 Rac8 20. a3 Nd5 21. Nxd5 exd5 22. Bxd5+ Kg7 23. b4 c6 24. Bf3 f5 25. Rc1 Qd7 26. Rc3 Rc7 27. Rfc1 Rfc8 28. Qc2 Kf7 29. Bxc6 Qd8 30. Qb3+ Kg7 31. Bf3 Rxc3 32. Rxc3 Rc7 33. Qc2 Kf6 34. Rxc7 Qxc7 35. Qxc7 Bxc7 36. Bb7 a5 37. bxa5 Bxa5 38. Bc6 b4 39. axb4 Bxb4 40. Kf1 Ke6 41. Ke2 h6 42. Ba4 Kd5 43. Bb3+ Kd6 44. f3 g5 45. g3 Ke7 46. g4 Kf6 47. Bc2 fxg4 48. fxg4 Bd6 49. e4 Ke6 50. Bb3+ Ke7 51. Kd3 Ba3 52. Kc4 Kd6 53. Ba2 Bb2 54. Kd3 Kc6 55. e5 Kd7 56. Ke4 Ke7 57. d5 Ba3 58. d6+ Bxd6 59. exd6+ Kxd6 60. Kf5 Kd7 61. Kg6 Ke7 62. Kxh6 Kf6 63. Kh7 Ke5 64. Kg6 Kf4 65. Bc4 Kg3 66. Kxg5 Kxh3 67. Kf5 Kh4 68. g5 Kh5 69. Be2+ Kh4 70. g6 Kg3 71. g7 Kf2 72. g8=Q Ke1 73. Ke4 Kd2 74. Qg3 Kxe2 75. Qg2+ Kd1 76. Kd3 Kc1 77. Qc2# 1-0

[Event "4NCL Online Division 5"]
[Site "online"]
[Date "2022.03.08"]
[EventDate "2022.03.08"]
[Round "4.43"]
[White "Wright, George A"]
[WhiteElo "1108"]
[WhiteTeam "Wessex Some Stars H"]
[Black "Barber, James R"]
[BlackElo "1405"]
[BlackTeam "Catford Candidates"]
[Result "0-1"]
[PlyCount "96"]

1. b3 e5 2. Bb2 Nc6 3. e3 d5 4. Bb5 Bd6 5. c4 Ne7 6. Nf3 O-O 7. Bxc6 Nxc6 8. cxd5 Nb4 9. d3 Nxd5 10. Nxe5 Re8 11. Nxf7 Kxf7 12. Qh5+ Kf8 13. Qxh7 Bb4+ 14. Kf1 Nf6 15. Qg6 b6 16. Bxf6 Qxf6 17. Qxf6+ gxf6 18. h4 Ba6 19. Ke2 Rad8 20. Rd1 Rxd3 21. Rxd3 Rd8 22. a3 Bxd3+ 23. Kf3 Bd6 24. Nd2 Ke7 25. b4 Rh8 26. g3 Kf7 27. Rh1 Bb5 28. Nb3 Bc6+ 29. e4 Re8 30. Nd2 f5 31. h5 Rxe4 32. Nxe4 Bxe4+ 33. Ke3 Bxh1 34. Kd4 Kg7 35. f4 Kh6 36. Kc4 a6 37. a4 Kxh5 38. a5 b5+ 39. Kd3 Kg4 40. Ke3 Kxg3 41. Ke2 Kxf4 42. Kf2 Bd5 43. Ke2 Kg3 44. Kf1 f4 45. Kg1 f3 46. Kf1 Bxb4 47. Kg1 Bc5+ 48. Kf1 Bc4+ 0-1

[Event "4NCL Online Division 5"]
[Site "online"]
[Date "2022.03.08"]
[EventDate "2022.03.08"]
[Round "4.51"]
[White "Balasundaram, Sivasatyan"]
[WhiteElo "1762"]
[WhiteTeam "Harrow Juniors 1"]
[Black "Shindgi, Sumanth"]
[BlackElo "1363"]
[BlackTeam "Cork B"]
[Result "1-0"]
[PlyCount "69"]

1. c4 e5 2. Nc3 Nf6 3. g3 c6 4. Bg2 d5 5. cxd5 cxd5 6. d3 Nc6 7. Nf3 Bc5 8. Bg5 Be6 9. Rc1 O-O 10. O-O h6 11. Bd2 Rc8 12. a3 a5 13. Na4 Be7 14. Nc5 Qb6 15. Nxe6 fxe6 16. Rc2 e4 17. dxe4 Nxe4 18. Be3 Bc5 19. Bxc5 Nxc5 20. Nd4 e5 21. Bxd5+ Kh8 22. Nxc6 bxc6 23. Bg2 Rcd8 24. Qc1 Nb3 25. Qe1 c5 26. Qc3 Nd4 27. Rd2 Qb5 28. Re1 e4 29. Bxe4 a4 30. e3 Nf3+ 31. Bxf3 Rxd2 32. Qxd2 Rxf3 33. Qe2 Qc6 34. Rc1 Qd6 35. Qxf3 1-0

[Event "4NCL Online Division 5"]
[Site "online"]
[Date "2022.03.08"]
[EventDate "2022.03.08"]
[Round "4.52"]
[White "O'Callaghan, Cian"]
[WhiteElo "1203"]
[WhiteTeam "Cork B"]
[Black "Patel, Krrish"]
[BlackElo "1632"]
[BlackTeam "Harrow Juniors 1"]
[Result "0-1"]
[PlyCount "50"]

1. d4 Nf6 2. c4 g6 3. Nc3 Bg7 4. e4 d6 5. Bf4 Nbd7 6. Nf3 b6 7. e5 dxe5 8. dxe5 Nh5 9. Bg3 Nxg3 10. fxg3 Nxe5 11. Qxd8+ Kxd8 12. Rd1+ Bd7 13. Nxe5 Bxe5 14. c5 bxc5 15. Bb5 Bd6 16. O-O Bxb5 17. Nxb5 Rb8 18. a4 a6 19. Na7 Rxb2 20. Rxf7 Ke8 21. Rdf1 c4 22. Nc6 c3 23. Nd4 Bc5 24. R7f4 Rd2 25. Rc1 Rxd4 0-1

[Event "4NCL Online Division 5"]
[Site "online"]
[Date "2022.03.08"]
[EventDate "2022.03.08"]
[Round "4.53"]
[White "Evans, Daniel"]
[WhiteElo "1560"]
[WhiteTeam "Harrow Juniors 1"]
[Black "Muzykant, Michal (Mike)"]
[BlackElo "1178"]
[BlackTeam "Cork B"]
[Result "0-1"]
[PlyCount "24"]

1. e4 e6 2. d4 d5 3. Nc3 Bb4 4. e5 c5 5. a3 Bxc3+ 6. bxc3 Ne7 7. Bg5 Nbc6 8. f4 Qa5 9. Ne2 Nxd4 10. Nxd4 Qxc3+ 11. Kf2 cxd4 12. Bxe7 Qe3# 0-1

[Event "4NCL Online Division 5"]
[Site "online"]
[Date "2022.03.08"]
[EventDate "2022.03.08"]
[Round "4.54"]
[White "Cahill, Declan"]
[WhiteElo "850"]
[WhiteTeam "Cork B"]
[Black "Jayakumar, Bharath"]
[BlackElo "1478"]
[BlackTeam "Harrow Juniors 1"]
[Result "0-1"]
[PlyCount "78"]

1. d4 d5 2. Bf4 Nf6 3. Nf3 e6 4. e3 Be7 5. Bd3 O-O 6. O-O b6 7. Nc3 Bb7 8. Re1 Nbd7 9. a3 Rc8 10. Be5 c5 11. Nb5 Nxe5 12. dxe5 Ne8 13. Nxa7 Ra8 14. Nb5 f6 15. e4 c4 16. Bf1 dxe4 17. Nfd4 Qd5 18. Nc3 Qxe5 19. Bxc4 Nc7 20. Nf3 Qc5 21. Nd2 f5 22. b4 Qc6 23. b5 Nxb5 24. Nxb5 e3 25. Nf3 exf2+ 26. Kxf2 Qxc4 27. Qd3 Qc5+ 28. Nfd4 e5 29. Kf1 exd4 30. Nxd4 Ba6 31. Qxa6 Rxa6 32. Ne6 Qc4+ 33. Re2 Re8 34. Re1 Bxa3 35. Kg1 Bc5+ 36. Kh1 Qxe2 37. Rg1 Bxg1 38. Nc7 Ra1 39. Nxe8 Bf2# 0-1

[Event "4NCL Online Division 5"]
[Site "online"]
[Date "2022.03.08"]
[EventDate "2022.03.08"]
[Round "4.61"]
[White "Parikh, Naavya"]
[WhiteElo "1408"]
[WhiteTeam "Harrow Juniors 2"]
[Black "Dunks, Peter"]
[BlackElo "1659"]
[BlackTeam "The Hemel's Gambit"]
[Result "0-1"]
[PlyCount "128"]

1. e4 Nf6 2. Nc3 e5 3. d3 Bb4 4. Bd2 O-O 5. Nf3 Nc6 6. g3 d6 7. Be2 Nd4 8. Nxd4 exd4 9. Nb1 Bxd2+ 10. Nxd2 Bh3 11. Bf1 Qd7 12. Nf3 c5 13. Qe2 Bxf1 14. Qxf1 Ng4 15. O-O-O Qa4 16. Kb1 Ne5 17. Nd2 b5 18. f4 Nc6 19. Rc1 Nb4 20. a3 Nc6 21. Qd1 b4 22. c3 Qxd1 23. Rhxd1 bxc3 24. bxc3 dxc3 25. Rxc3 Rab8+ 26. Ka2 Nd4 27. Rb1 f6 28. Rxb8 Rxb8 29. Nb3 Nxb3 30. Rxb3 Rxb3 31. Kxb3 Kf7 32. Ka4 Ke6 33. Kb5 f5 34. e5 dxe5 35. fxe5 Kxe5 36. Kxc5 g5 37. d4+ Ke6 38. d5+ Kd7 39. Kd4 Kd6 40. a4 a5 41. h3 h5 42. Kc4 f4 43. gxf4 gxf4 44. Kd4 f3 45. Ke3 f2 46. Kxf2 Kxd5 47. Kf3 Kc4 48. Kf4 Kb4 49. Kg5 Kxa4 50. h4 Kb4 51. Kxh5 a4 52. Kg6 a3 53. h5 a2 54. h6 a1=Q 55. h7 Qh8 56. Kh6 Kc5 57. Kg6 Kd6 58. Kh6 Ke6 59. Kg6 Ke7 60. Kh6 Kf7 61. Kh5 Qxh7+ 62. Kg5 Qe4 63. Kh5 Kf6 64. Kh6 Qg6# 0-1

[Event "4NCL Online Division 5"]
[Site "online"]
[Date "2022.03.08"]
[EventDate "2022.03.08"]
[Round "4.62"]
[White "Rollinson, David"]
[WhiteElo "1615"]
[WhiteTeam "The Hemel's Gambit"]
[Black "Sivanandan, Bodhana"]
[BlackElo "1335"]
[BlackTeam "Harrow Juniors 2"]
[Result "0-1"]
[PlyCount "160"]

1. d4 d5 2. Nf3 Nf6 3. Bg5 e6 4. c4 c6 5. e3 Be7 6. Nc3 O-O 7. Bd3 Nbd7 8. O-O Re8 9. Rc1 dxc4 10. Bxc4 Nb6 11. Bb3 Nfd5 12. Bxe7 Qxe7 13. Ne4 Nf6 14. Qd3 Nxe4 15. Qxe4 Nd7 16. Bc2 g6 17. h4 Nf6 18. Qf4 Nd7 19. Qh6 Qf8 20. Qf4 Kg7 21. h5 Qe7 22. h6+ Kg8 23. g4 e5 24. dxe5 Nxe5 25. Nxe5 Qxe5 26. Qxe5 Rxe5 27. Bd1 Be6 28. a3 Rd8 29. Re1 Rb5 30. b4 Rbd5 31. Bb3 Rd3 32. Bxe6 fxe6 33. Ra1 Rd2 34. Kf1 Kf7 35. Re2 Kf6 36. f4 e5 37. Ke1 R2d3 38. g5+ Kf5 39. Raa2 exf4 40. e4+ Ke5 41. Kf2 Rg3 42. Rac2 Rdd3 43. Rc5+ Ke6 44. Ra5 a6 45. Rc5 Rge3 46. Rxe3 Rxe3 47. Rc1 Rxe4 48. Rd1 Re5 49. Kf3 Rxg5 50. Kxf4 Rh5 51. Re1+ Kd7 52. Rd1+ Kc7 53. Re1 Rxh6 54. Re3 Rh5 55. Re7+ Kb6 56. Re3 Rf5+ 57. Kg4 h5+ 58. Kg3 g5 59. Kh3 g4+ 60. Kh4 Rf3 61. Re5 Rxa3 62. Rxh5 Rb3 63. Kxg4 Rxb4+ 64. Kf3 c5 65. Ke3 Kb5 66. Rh7 b6 67. Rh5 a5 68. Kd2 a4 69. Kc3 a3 70. Rh1 Ka4 71. Ra1 b5 72. Kc2 c4 73. Kc3 Rb3+ 74. Kc2 Kb4 75. Kc1 c3 76. Ra2 Rb2 77. Ra1 Kb3 78. Kd1 a2 79. Kc1 c2 80. Kd2 Rb1 0-1

[Event "4NCL Online Division 5"]
[Site "online"]
[Date "2022.03.08"]
[EventDate "2022.03.08"]
[Round "4.63"]
[White "Laza, Andrei"]
[WhiteElo "1293"]
[WhiteTeam "Harrow Juniors 2"]
[Black "Bleakley, Adam"]
[BlackElo "1440"]
[BlackTeam "The Hemel's Gambit"]
[Result "1-0"]
[PlyCount "51"]

1. b3 d5 2. Bb2 Bf5 3. e3 e6 4. Nf3 Bd6 5. Bxg7 Nc6 6. Bxh8 Qe7 7. Bb2 O-O-O 8. d3 e5 9. Nbd2 Nf6 10. g3 e4 11. Nd4 Nxd4 12. Bxd4 exd3 13. Bxd3 Bxd3 14. cxd3 c5 15. Bb2 d4 16. e4 Nd7 17. Nc4 Bc7 18. O-O Rg8 19. Kh1 Qg5 20. Bc1 Qg6 21. Qf3 h5 22. Bf4 Qf6 23. Nd2 h4 24. Bxc7 hxg3 25. Bxg3 Qh6 26. Qf4 1-0

[Event "4NCL Online Division 5"]
[Site "online"]
[Date "2022.03.08"]
[EventDate "2022.03.08"]
[Round "4.64"]
[White "Huhn, Robert M"]
[WhiteElo "1408"]
[WhiteTeam "The Hemel's Gambit"]
[Black "Laddhad, Laksh"]
[BlackElo "1300"]
[BlackTeam "Harrow Juniors 2"]
[Result "1-0"]
[PlyCount "71"]

1. c4 e5 2. Nc3 Nf6 3. Nf3 e4 4. Ng5 Qe7 5. f3 exf3 6. Nxf3 g6 7. e4 Bg7 8. d3 O-O 9. Be2 d6 10. O-O Nbd7 11. Bg5 h6 12. Bh4 Qe6 13. Nd4 Qe5 14. Ndb5 c6 15. Bg3 Qg5 16. Nxd6 Ne5 17. Bf4 Qh4 18. Bxe5 Ng4 19. Bg3 Bd4+ 20. Kh1 Nf2+ 21. Rxf2 Qe7 22. Rf1 Be5 23. Bxe5 Qxe5 24. Nxc8 Raxc8 25. d4 Qg5 26. Qc1 Qe7 27. Qxh6 Qb4 28. Bg4 Rcd8 29. Rf6 Qxc4 30. Bf5 Qxd4 31. Bxg6 fxg6 32. Rxg6+ Kf7 33. Rf1+ Ke7 34. Qh7+ Ke8 35. Rxf8+ Kxf8 36. Rg8# 1-0

[Event "4NCL Online Division 5"]
[Site "online"]
[Date "2022.03.08"]
[EventDate "2022.03.08"]
[Round "4.71"]
[White "Verbytski, Oleg"]
[WhiteElo "1492"]
[WhiteTeam "Charlton Cobras C"]
[Black "Cule, Jurica"]
[BlackElo "1547"]
[BlackTeam "Guildford Castles 3"]
[Result "1-0"]
[PlyCount "47"]

1. e4 g6 2. d4 Bg7 3. c4 e6 4. Nc3 Ne7 5. f3 O-O 6. Be3 d5 7. Qd2 c6 8. O-O-O b6 9. cxd5 exd5 10. h4 dxe4 11. fxe4 c5 12. d5 Bg4 13. Be2 Qd7 14. Bg5 a5 15. Bxg4 Qxg4 16. Bxe7 Re8 17. d6 Nd7 18. Nf3 Qh5 19. Ng5 f6 20. Qd5+ Kh8 21. Nf7+ Kg8 22. Nh6+ Kh8 23. Qg8+ Rxg8 24. Nf7# 1-0

[Event "4NCL Online Division 5"]
[Site "online"]
[Date "2022.03.08"]
[EventDate "2022.03.08"]
[Round "4.72"]
[White "Long, David"]
[WhiteElo "1501"]
[WhiteTeam "Guildford Castles 3"]
[Black "Hoang, Toan"]
[BlackElo "1500"]
[BlackTeam "Charlton Cobras C"]
[Result "1/2-1/2"]
[PlyCount "93"]

1. e4 Nf6 2. e5 Nd5 3. d4 d6 4. exd6 cxd6 5. Bb5+ Nc6 6. Nf3 Bg4 7. h3 Bh5 8. Nc3 Nxc3 9. bxc3 a6 10. Be2 e6 11. O-O Be7 12. Bf4 O-O 13. Qd2 Bxf3 14. Bxf3 d5 15. Rfe1 Na5 16. Be2 b5 17. Rab1 Bd6 18. Bd3 Bxf4 19. Qxf4 Qc8 20. Re3 Nc4 21. Rg3 g6 22. h4 Ra7 23. h5 Qd8 24. Qh6 Nd6 25. hxg6 fxg6 26. Bxg6 Kh8 27. Rh3 Qf6 28. Rf3 Nf5 29. Qh5 Qxg6 30. Qxg6 hxg6 31. g4 Kg7 32. gxf5 gxf5 33. Kf1 Kf6 34. Ke2 Rff7 35. Kd3 Rac7 36. Rh1 Ke7 37. Rh6 Kd6 38. Re3 Rfe7 39. f4 Rc4 40. Rh8 Ra4 41. Rb8 Rxa2 42. Rb6+ Kd7 43. Rb7+ Ke8 44. Rb8+ Kd7 45. Rb7+ Kd6 46. Rb6+ Kd7 47. Rb7+ 1/2-1/2

[Event "4NCL Online Division 5"]
[Site "online"]
[Date "2022.03.08"]
[EventDate "2022.03.08"]
[Round "4.74"]
[White "Kelly, Adam"]
[WhiteElo "896"]
[WhiteTeam "Guildford Castles 3"]
[Black "Sobrinho, Miguel"]
[BlackElo "983"]
[BlackTeam "Charlton Cobras C"]
[Result "0-1"]
[PlyCount "54"]

1. d4 Nf6 2. c4 g6 3. Nc3 Bg7 4. e4 d6 5. Nf3 O-O 6. Be2 e5 7. O-O Nc6 8. Be3 Ng4 9. Bg5 f6 10. Bh4 g5 11. Bg3 f5 12. h3 f4 13. Bh2 Nxh2 14. Kxh2 h5 15. dxe5 g4 16. Nd4 Nxe5 17. Nd5 c6 18. Nc3 Qh4 19. Nf5 Bxf5 20. exf5 gxh3 21. gxh3 Rxf5 22. Qxd6 f3 23. Bd3 Ng4+ 24. Kg1 Rg5 25. Ne4 Ne5+ 26. Nxg5 Qxg5+ 27. Kh1 Qg2# 0-1

[Event "4NCL Online Division 5"]
[Site "online"]
[Date "2022.03.08"]
[EventDate "2022.03.08"]
[Round "4.82"]
[White "Rundle, Anthony"]
[WhiteElo "1200"]
[WhiteTeam "Manaccan Maulers"]
[Black "Navle, Yash Kumar"]
[BlackElo "1224"]
[BlackTeam "Uxbridge Eagle Fangs"]
[Result "0-1"]
[PlyCount "42"]

1. e4 e5 2. Nf3 Nc6 3. Bc4 Nf6 4. Ng5 d5 5. exd5 Na5 6. Bb5+ c6 7. dxc6 bxc6 8. Bd3 Nd5 9. Nf3 Bd6 10. O-O O-O 11. c4 Nb4 12. Be2 e4 13. Nd4 Bxh2+ 14. Kxh2 Qxd4 15. Qa4 Qd6+ 16. Kg1 Nb7 17. Nc3 Bf5 18. b3 Nc2 19. Rb1 Nd4 20. Bd1 Qg6 21. Ne2 Nf3+ 0-1